000 00716cam a2200229 a 4500
001 17076920
005 20250320173202.0
008 111209s2012 enka b 001 0 eng
020 _a9780273750758
050 0 0 _aHD30.4
_b.S28 2012
082 0 0 _a650.072
_223
100 1 _aSaunders, M. N. K.
245 1 0 _aResearch methods for business students /
_cMark Saunders, Philip Lewis, Adrian Thornhill.
250 _a6th ed.
260 _aHarlow, England ;
_aNew York :
_bPearson,
_c2012.
300 _axxxi, 696 p. :
_bcol. ill. ;
_c27 cm.
650 0 _aBusiness
_xResearch.
650 0 _aBusiness
_xResearch
_xData processing.
700 1 _aLewis, Philip,
_d1945-
700 1 _aThornhill, Adrian.
942 _2lcc
_cBK
_n0
999 _c5024
_d5024